Online
Catalog

Secretos para ponerle chispa a tu matrimonio : (Record no. 25810)

MARC details
000 -CABECERA
campo de control de longitud fija 01730nam a2200253 a 4500
001 - NÚMERO DE CONTROL
campo de control 000026318
005 - FECHA Y HORA DE LA ÚLTIMA TRANSACCIÓN
campo de control 20260212122153.0
008 - DATOS DE LONGITUD FIJA--INFORMACIÓN GENERAL
campo de control de longitud fija 110312s2001 dr a 000 0 spa d
040 ## - FUENTE DE LA CATALOGACIÓN
Centro catalogador/agencia de origen DO-SdBNP
Lengua de catalogación spa
Centro/agencia transcriptor BNPHU
082 ## - NÚMERO DE LA CLASIFICACIÓN DECIMAL DEWEY
Número de clasificación 306.81
Número de documento/Ítem P376s
100 1# - ENTRADA PRINCIPAL--NOMBRE DE PERSONA
Nombre de persona Peguero Colón, Samuel
9 (RLIN) 2205
245 10 - MENCIÓN DE TÍTULO
Título Secretos para ponerle chispa a tu matrimonio :
Resto del título seminarios en power point /
Mención de responsabilidad, etc. Samuel Peguero Colón.
260 ## - PUBLICACIÓN, DISTRIBUCIÓN, ETC.
Lugar de publicación, distribución, etc. Santo Domingo :
Nombre del editor, distribuidor, etc. El Remanente,
Fecha de publicación, distribución, etc. 2001.
300 ## - DESCRIPCIÓN FÍSICA
Extensión 82 p. :
Otras características físicas il. ;
Dimensiones 28 cm.
500 ## - NOTA GENERAL
Nota general La biblioteca posee el v.2
504 ## - NOTA DE BIBLIOGRAFÍA, ETC.
Nota de bibliografía, etc. Bibliografía: p. 82
505 0# - NOTA DE CONTENIDO CON FORMATO
Nota de contenido con formato Equipo de asesoría técnica --
Título Dedicatoria --
-- Prólogo --
Información miscelánea Sección 1.
Título Condición de género hombre/mujer: dramáticas realidades --
-- La mujer. ¿Reina o esclava? --
Información miscelánea Sección 2.
Título La comunicación conyugal --
-- En busca de una comunicación positiva --
Información miscelánea Sección 3.
Título La pareja y las finanzas --
-- Como administrar las finanzas del hogar --
-- Evitando y enfrentando crisis financiera --
Información miscelánea Sección 4.
Título La pareja y el sexo --
-- Haciendo del acto sexual un evento más interesante --
-- Ajuste y disfrute sexual en diversas circunstancias --
Información miscelánea Sección 5.
Título La pareja crisis y oportunidades --
-- Manifestación y origen del conflicto --
-- ¿Cómo influye el orden de nacimiento en la conducta? --
-- Otros factores exógenos --
-- Cómo pelear con provecho --
Información miscelánea Sección 6.
Título Pongale chispa a su matrimonio --
-- Secretos para ponerle chispa a tu matrimonio --
-- Secretos para ponerle chispa a su matrimonio --
-- Otras obras del autor.
590 ## - NOTA LOCAL (RLIN)
Nota local Inventariado,2018/DG
650 #0 - PUNTO DE ACCESO ADICIONAL DE MATERIA--TÉRMINO DE MATERIA
Término de materia o nombre geográfico como elemento de entrada Matrimonio
9 (RLIN) 797
650 #0 - PUNTO DE ACCESO ADICIONAL DE MATERIA--TÉRMINO DE MATERIA
Término de materia o nombre geográfico como elemento de entrada Parejas
9 (RLIN) 2206
650 #4 - PUNTO DE ACCESO ADICIONAL DE MATERIA--TÉRMINO DE MATERIA
Término de materia o nombre geográfico como elemento de entrada Sexo en el matrimonio
9 (RLIN) 804
650 #0 - PUNTO DE ACCESO ADICIONAL DE MATERIA--TÉRMINO DE MATERIA
Término de materia o nombre geográfico como elemento de entrada Relaciones familiares
9 (RLIN) 801
910 ## - DATOS DE OPCIÓN DEL USUARIO (OCLC)
Datos de opción del usuario Validado. Control de calidad MMOLINA
Holdings
Estado de retiro Estado de pérdida No para préstamo Código de colección Localización permanente Ubicación/localización actual Ubicación en estantería Fecha de adquisición Número de inventario Total de préstamos Signatura topográfica completa Código de barras Fecha visto por última vez Precio válido a partir de Tipo de ítem Koha Restricciones de uso
    Excluido de préstamo Patrimonio Dominicano Patrimonio Dominicano Patrimonio Dominicano Depósito 12.03.2011 LF1   306.81 P376s | v.2 26318-10 25.06.2020 25.06.2020 Libro y Folleto Colección Patrimonio Dominicano  
    Excluido de préstamo Patrimonio Dominicano Patrimonio Dominicano Patrimonio Dominicano Depósito 12.03.2011 LF1   306.81 P376s | v.2, e.2 26318-20 25.06.2020 25.06.2020 Libro y Folleto Colección Patrimonio Dominicano  
      Patrimonio Dominicano Patrimonio Dominicano Patrimonio Dominicano Depósito 12.03.2011 LF1   306.81 P376s | v.2, e.3 26318-30 25.06.2020 25.06.2020 Libro y Folleto Colección Patrimonio Dominicano  

Powered by Koha